[Event "Muensterland Regionalliga 1819"]
[White "Wingenfeld, Klaus"]
[Black "Janning, Rainer"]
[Site "Germany"]
[Round "9.4"]
[Result "1/2-1/2"]
[Date "2019.05.11"]
[WhiteElo "1895"]
[BlackElo "1876"]
[PlyCount "101"]
[EventDate "2018.09.08"]
[EventType "team-tourn"]
[EventRounds "9"]
[EventCountry "GER"]
[SourceTitle "EXT 2020"]
[Source "ChessBase"]
[SourceDate "2019.10.17"]
[SourceVersion "1"]
[SourceVersionDate "2019.10.17"]
[SourceQuality "1"]
[WhiteTeam "Muenster II"]
[BlackTeam "Steinfurt"]
[WhiteTeamCountry "GER"]
[BlackTeamCountry "GER"]

1. d4 d5 2. Bf4 c6 3. Nd2 f5 4. Ngf3 Nf6 5. e3 e6 6. c4 Be7 7. Bd3 0-0 8. Qc2 Ne4 9. a3 Nd7 10. Ne5 Nxe5 11. Bxe5 Bf6 12. Nf3 Ng5 13. Nxg5 Bxg5 14. f4 Bf6 15. 0-0 Bxe5 16. fxe5 Bd7 17. c5 h6 18. Rac1 Qg5 19. Qf2 Rf7 20. Qf4 Qxf4 21. exf4 a5 22. Ra1 Rff8 23. b4 axb4 24. axb4 Rfb8 25. Rfb1 Rxa1 26. Rxa1 b6 27. Rb1 Kf8 28. Kf2 Ke7 29. Ke3 bxc5 30. bxc5 Rxb1 31. Bxb1 Be8 32. Bd3 Bh5 33. Bc2 Be8 34. h3 g6 35. g4 Bf7 36. Kf3 Be8 37. Kg3 Kf7 38. Kh4 Ke7 39. Bd1 Bf7 40. gxf5 exf5 41. Bc2 Be6 42. Kg3 Kd7 43. h4 h5 44. Kf3 Kc7 45. Ke3 Kb7 46. Ba4 Kc7 47. Kd2 Kb7 48. Kc3 Kc7 49. Kb4 Bd7 50. Ka5 Be6 51. Bd1 1/2-1/2

[Event "Muensterland Regionalliga 1819"]
[White "Wingenfeld, Klaus"]
[Black "Stroessner, Lena"]
[Site "Germany"]
[Round "8.5"]
[Result "1-0"]
[Date "2019.03.23"]
[WhiteElo "1895"]
[BlackElo "1949"]
[PlyCount "61"]
[EventDate "2018.09.08"]
[EventType "team-tourn"]
[EventRounds "9"]
[EventCountry "GER"]
[SourceTitle "EXT 2020"]
[Source "ChessBase"]
[SourceDate "2019.10.17"]
[SourceVersion "1"]
[SourceVersionDate "2019.10.17"]
[SourceQuality "1"]
[WhiteTeam "Muenster II"]
[BlackTeam "Olfen"]
[WhiteTeamCountry "GER"]
[BlackTeamCountry "GER"]

1. d4 e6 2. Bf4 d5 3. e3 Nf6 4. c3 c5 5. Nf3 Nc6 6. Nbd2 Be7 7. Bd3 0-0 8. Ne5 cxd4 9. exd4 Bd7 10. g4 Qb6 11. Rb1 Be8 12. Rg1 Rc8 13. Rg3 Na5 14. g5 Ne4 15. Nxe4 dxe4 16. Bxe4 f5 17. gxf6 Bxf6 18. Rh3 g6 19. Bh6 Bg7 20. Bxg7 Kxg7 21. Qd2 Rc7 22. Qh6+ Kg8 23. Bxg6 Bxg6 24. Nxg6 hxg6 25. Qh8+ Kf7 26. Rf3+ Ke7 27. Qxf8+ Kd7 28. Rf7+ Kc6 29. Qe8+ Kd5 30. Qd8+ Kc6 31. d5+ 1-0

[Event "Muensterland Regionalliga 1819"]
[White "Wingenfeld, Klaus"]
[Black "Hoge, Torsten"]
[Site "Germany"]
[Round "7.6"]
[Result "0-1"]
[Date "2019.03.02"]
[WhiteElo "1895"]
[BlackElo "1922"]
[PlyCount "96"]
[EventDate "2018.09.08"]
[EventType "team-tourn"]
[EventRounds "9"]
[EventCountry "GER"]
[SourceTitle "EXT 2020"]
[Source "ChessBase"]
[SourceDate "2019.10.17"]
[SourceVersion "1"]
[SourceVersionDate "2019.10.17"]
[SourceQuality "1"]
[WhiteTeam "Muenster II"]
[BlackTeam "Gronau"]
[WhiteTeamCountry "GER"]
[BlackTeamCountry "GER"]

1. d4 Nf6 2. Bf4 g6 3. Nc3 d5 4. f3 Bg7 5. e4 c6 6. Qd2 h6 7. e5 Ng8 8. Bd3 Be6 9. Nge2 Qc8 10. Be3 h5 11. Nf4 Nh6 12. 0-0-0 Nf5 13. Nxe6 Qxe6 14. Bxf5 Qxf5 15. Rhg1 Na6 16. g4 Qd7 17. h3 0-0-0 18. a3 Kb8 19. Bf4 Ka8 20. Kb1 Rc8 21. Qf2 Bf8 22. Be3 e6 23. Na4 b6 24. Qe2 Nc7 25. Nc3 Be7 26. g5 Rb8 27. h4 Rhc8 28. Kc1 Qe8 29. Kd2 c5 30. b3 cxd4 31. Bxd4 Bxa3 32. Ra1 Bb4 33. Ra4 a5 34. Rga1 Kb7 35. Kd1 Bxc3 36. Bxc3 Nb5 37. Bb2 Rc5 38. b4 Rc4 39. c3 Qc6 40. Qe1 d4 41. cxd4 Qxf3+ 42. Qe2 Qxe2+ 43. Kxe2 Rc2+ 44. Ke3 Rxb2 45. bxa5 bxa5 46. Rxa5 Rc8 47. R1a4 Rc3+ 48. Kf4 Rbb3 0-1

[Event "Muensterland Regionalliga 1819"]
[White "Wingenfeld, Klaus"]
[Black "Langhanke, Guenther"]
[Site "Germany"]
[Round "6.5"]
[Result "1/2-1/2"]
[Date "2019.02.02"]
[WhiteElo "1895"]
[BlackElo "1932"]
[PlyCount "47"]
[EventDate "2018.09.08"]
[EventType "team-tourn"]
[EventRounds "9"]
[EventCountry "GER"]
[SourceTitle "EXT 2020"]
[Source "ChessBase"]
[SourceDate "2019.10.17"]
[SourceVersion "1"]
[SourceVersionDate "2019.10.17"]
[SourceQuality "1"]
[WhiteTeam "Muenster II"]
[BlackTeam "Rheine Klein Berlin"]
[WhiteTeamCountry "GER"]
[BlackTeamCountry "GER"]

1. d4 d5 2. Bf4 Nf6 3. e3 c5 4. c3 Nc6 5. Nd2 e6 6. Ngf3 Bd6 7. Bg3 0-0 8. Bd3 b6 9. e4 Be7 10. e5 Nh5 11. Ng5 Bxg5 12. Qxh5 g6 13. Qe2 cxd4 14. h4 dxc3 15. hxg5 cxd2+ 16. Qxd2 Qe7 17. a3 Bb7 18. Qf4 h5 19. gxh6 Kh7 20. Bh4 Qc7 21. Qf6 Qxe5+ 22. Kd2 Qxf6 23. Bxf6 Rac8 24. b4 1/2-1/2

[Event "Muensterland Regionalliga 1718"]
[White "Wingenfeld, Klaus"]
[Black "Liesmann, Karsten"]
[Site "Germany"]
[Round "9.2"]
[Result "0-1"]
[Date "2018.06.02"]
[WhiteElo "1864"]
[BlackElo "1998"]
[PlyCount "52"]
[EventDate "2017.09.02"]
[EventType "team-tourn"]
[EventRounds "9"]
[EventCountry "GER"]
[SourceTitle "EXT 2019"]
[Source "ChessBase"]
[SourceDate "2018.10.10"]
[SourceVersion "1"]
[SourceVersionDate "2018.10.10"]
[SourceQuality "1"]
[WhiteTeam "Muenster SK III"]
[BlackTeam "Bocholt"]
[WhiteTeamCountry "GER"]
[BlackTeamCountry "GER"]

1. e4 c5 2. Nf3 Nc6 3. d4 cxd4 4. Nxd4 Nf6 5. Nc3 e5 6. Ndb5 d6 7. Bg5 a6 8. Na3 b5 9. Nd5 Be7 10. Bxf6 Bxf6 11. c3 0-0 12. Nc2 Bg5 13. a4 bxa4 14. Rxa4 a5 15. Bc4 Rb8 16. b3 Kh8 17. Nce3 g6 18. 0-0 f5 19. exf5 gxf5 20. Qh5 f4 21. Bd3 Rb7 22. Ng4 Rg7 23. Be4 Be6 24. Rc4 Ne7 25. Nxe7 Bxe7 26. h3 Bf7 0-1

[Event "Muensterland Regionalliga 1516"]
[White "Wingenfeld, Klaus"]
[Black "Luetkehermoelle, Martin"]
[Site "Germany"]
[Round "6.4"]
[Result "0-1"]
[Date "2016.01.30"]
[WhiteElo "1928"]
[BlackElo "1938"]
[PlyCount "116"]
[EventDate "2015.09.05"]
[EventType "team"]
[EventRounds "9"]
[EventCountry "GER"]
[SourceTitle "EXT 2017"]
[Source "ChessBase"]
[SourceDate "2016.10.25"]
[SourceVersion "1"]
[SourceVersionDate "2016.10.25"]
[SourceQuality "1"]
[WhiteTeam "Muenster SK III"]
[BlackTeam "Gronau"]
[WhiteTeamCountry "GER"]
[BlackTeamCountry "GER"]

1. e4 e5 2. Nf3 Nc6 3. Bb5 a6 4. Ba4 Nf6 5. 0-0 b5 6. Bb3 d6 7. Re1 Na5 8. d4 Bg4 9. c3 Nxb3 10. axb3 Nd7 11. h3 Bxf3 12. Qxf3 Be7 13. d5 0-0 14. Be3 Bg5 15. Nd2 Bxe3 16. Qxe3 f5 17. c4 Qb8 18. Rec1 bxc4 19. Rxc4 Nb6 20. Rb4 fxe4 21. Nc4 Nxc4 22. Rxb8 Nxe3 23. Rxf8+ Kxf8 24. fxe3 Ke7 25. Rc1 Kd7 26. Rf1 Re8 27. Ra1 Rb8 28. Rxa6 Rxb3 29. Ra8 Rxe3 30. Rg8 Rg3 31. Kf2 Rg6 32. g4 c6 33. dxc6+ Kxc6 34. Ke3 d5 35. Re8 Kd6 36. Rd8+ Kc5 37. Rc8+ Rc6 38. Re8 Rb6 39. Rc8+ Kd6 40. Rd8+ Ke6 41. Re8+ Kf6 42. Rf8+ Kg6 43. Re8 Kf6 44. Rf8+ Ke7 45. Rg8 Kf7 46. Rd8 Rb3+ 47. Kd2 Rxb2+ 48. Kc1 Rb5 49. Rd7+ Kf6 50. g5+ Kg6 51. h4 d4 52. Rd6+ Kh5 53. Rd7 Kxh4 54. Rxg7 e3 55. g6 hxg6 56. Rxg6 d3 57. Rd6 e2 58. Kd2 Rb1 0-1

[Event "Muensterland Regionalliga 1516"]
[White "Wingenfeld, Klaus"]
[Black "Junker, Axel"]
[Site "Germany"]
[Round "4.4"]
[Result "1-0"]
[Date "2015.12.05"]
[WhiteElo "1928"]
[BlackElo "1871"]
[PlyCount "83"]
[EventDate "2015.09.05"]
[EventType "team"]
[EventRounds "9"]
[EventCountry "GER"]
[SourceTitle "EXT 2017"]
[Source "ChessBase"]
[SourceDate "2016.10.25"]
[SourceVersion "1"]
[SourceVersionDate "2016.10.25"]
[SourceQuality "1"]
[WhiteTeam "Muenster SK III"]
[BlackTeam "Telgte"]
[WhiteTeamCountry "GER"]
[BlackTeamCountry "GER"]

1. e4 Nc6 2. Nf3 d6 3. d4 Nf6 4. Nc3 g6 5. h3 Bg7 6. Be3 Bd7 7. Be2 h6 8. Qd2 a6 9. Rd1 b5 10. a3 Qc8 11. e5 Ng8 12. Bf4 Bf5 13. g4 Bd7 14. Qe3 h5 15. gxh5 dxe5 16. Nxe5 Nxe5 17. Bxe5 f6 18. Bf4 g5 19. Qg3 Nh6 20. Be3 Nf5 21. Qg2 Nh4 22. Qg3 Nf5 23. Qg2 Nh4 24. Qd5 Be6 25. Qc6+ Bd7 26. Qc5 0-0 27. Nd5 Qb7 28. Nxe7+ Kh8 29. d5 Ng2+ 30. Kf1 Nxe3+ 31. fxe3 Rfe8 32. Bg4 f5 33. Nxf5 Rf8 34. e4 Rae8 35. Kg2 Rxe4 36. Nxg7 Rxg4+ 37. hxg4 Kxg7 38. Qe7+ Rf7 39. Qxg5+ Kh8 40. Rhf1 Rxf1 41. Rxf1 Qc8 42. Rf7 1-0

[Event "Muensterland Regionalliga 1415"]
[White "Wingenfeld, Klaus"]
[Black "Althoff, Ralph"]
[Site "Germany"]
[Round "5.4"]
[Result "0-1"]
[Date "2015.01.17"]
[WhiteElo "1962"]
[BlackElo "1965"]
[PlyCount "80"]
[EventDate "2014.09.20"]
[EventType "team-tourn"]
[EventRounds "9"]
[EventCountry "GER"]
[SourceTitle "EXT 2016"]
[Source "ChessBase"]
[SourceDate "2015.10.08"]
[SourceVersion "1"]
[SourceVersionDate "2015.10.08"]
[SourceQuality "1"]
[WhiteTeam "Muenster III"]
[BlackTeam "Olfen"]
[WhiteTeamCountry "GER"]
[BlackTeamCountry "GER"]

1. e4 c5 2. c3 d5 3. exd5 Qxd5 4. d4 Nc6 5. Nf3 Bg4 6. Be2 e6 7. Be3 cxd4 8. cxd4 Nf6 9. Nc3 Qa5 10. 0-0 Be7 11. h3 Bh5 12. a3 0-0 13. g4 Bg6 14. b4 Qd8 15. Qb3 Bd6 16. Rfd1 Ne7 17. Ne5 Nfd5 18. Nxg6 hxg6 19. Nxd5 Nxd5 20. Bc4 Rc8 21. Bxd5 exd5 22. Rdc1 Qd7 23. Rxc8 Rxc8 24. Rc1 Re8 25. Qd1 Re4 26. Rc3 Bb8 27. f3 Re8 28. Kf2 a6 29. Ke2 Qd6 30. Qg1 Qf6 31. Rd3 Qh4 32. Qg2 Qf6 33. Kd2 Ba7 34. Qf2 Rc8 35. Rc3 Rc4 36. Kd3 Qc6 37. Qc2 b5 38. f4 Qf6 39. Qf2 Qe6 40. Qg2 Rxc3+ 0-1

[Event "Muensterland Regionalliga 1314"]
[White "Wingenfeld, Klaus"]
[Black "Haas, Kai Markus"]
[Site "Germany"]
[Round "5.4"]
[Result "0-1"]
[Date "2014.01.18"]
[WhiteElo "1946"]
[BlackElo "1982"]
[PlyCount "112"]
[EventDate "2013.09.07"]
[EventType "team-tourn"]
[EventRounds "9"]
[EventCountry "GER"]
[SourceTitle "EXT 2015"]
[Source "ChessBase"]
[SourceDate "2014.11.20"]
[SourceVersion "1"]
[SourceVersionDate "2014.11.20"]
[SourceQuality "1"]
[WhiteTeam "Muenster SK III"]
[BlackTeam "Sendenhorst"]
[WhiteTeamCountry "GER"]
[BlackTeamCountry "GER"]

1. e4 d5 2. exd5 Nf6 3. d4 Bg4 4. f3 Bf5 5. Bb5+ Nbd7 6. c4 a6 7. Ba4 b5 8. Bb3 bxc4 9. Bxc4 Nb6 10. Bd3 Bxd3 11. Qxd3 Nbxd5 12. Ne2 g6 13. Bg5 Bg7 14. 0-0 0-0 15. Nbc3 Qd7 16. Rfd1 Rab8 17. Rd2 Rb6 18. b3 Rc6 19. a3 Rd8 20. Rad1 h6 21. Bh4 Qe6 22. Ne4 Nh5 23. Rc2 Rxc2 24. Qxc2 Ne3 25. Qd3 Nxd1 26. Qxd1 g5 27. Bf2 Qc6 28. Qb1 Nf6 29. Nc5 Nd7 30. Nd3 a5 31. f4 Qe4 32. Ng3 Qd5 33. Ne2 c5 34. fxg5 hxg5 35. dxc5 Nxc5 36. Bxc5 Qxd3 37. Qxd3 Rxd3 38. Kf2 Rxb3 39. Bxe7 f6 40. Nd4 Rb2+ 41. Kf3 Kf7 42. Bc5 Bf8 43. Bxf8 Kxf8 44. h3 Rd2 45. Ne6+ Ke7 46. Nc5 Rd5 47. Ne4 Rd3+ 48. Kg4 Rxa3 49. Kf5 Ra2 50. g3 Rh2 51. Nc3 Rxh3 52. Nd5+ Kf7 53. Nxf6 Rxg3 54. Ne4 Rg1 55. Nd6+ Ke7 56. Nc8+ Kd7 0-1

[Event "Muensterland Regionalliga 1314"]
[White "Wingenfeld, Klaus"]
[Black "Kemper, Georg"]
[Site "Germany"]
[Round "3.4"]
[Result "1/2-1/2"]
[Date "2013.11.16"]
[WhiteElo "1946"]
[BlackElo "1907"]
[PlyCount "180"]
[EventDate "2013.09.07"]
[EventType "team-tourn"]
[EventRounds "9"]
[EventCountry "GER"]
[SourceTitle "EXT 2015"]
[Source "ChessBase"]
[SourceDate "2014.11.20"]
[SourceVersion "1"]
[SourceVersionDate "2014.11.20"]
[SourceQuality "1"]
[WhiteTeam "Muenster SK III"]
[BlackTeam "Nienberge"]
[WhiteTeamCountry "GER"]
[BlackTeamCountry "GER"]

1. e4 e6 2. d4 d5 3. Nc3 Bb4 4. e5 b6 5. Qg4 Bf8 6. Bg5 Qd7 7. f4 Nc6 8. Nf3 Nge7 9. Bh4 Nf5 10. Bf2 Bb7 11. a3 0-0-0 12. Bb5 a6 13. Bxc6 Qxc6 14. Ng5 Qd7 15. Qe2 h5 16. 0-0-0 g6 17. Rhe1 Bh6 18. g3 Qe7 19. Qd2 Kb8 20. Kb1 Rc8 21. h3 Bg7 22. g4 hxg4 23. hxg4 Nh6 24. Qe2 Ka8 25. Rg1 Rce8 26. Nf3 f6 27. exf6 Qxf6 28. g5 Qxf4 29. Be3 Qf5 30. gxh6 Bxh6 31. Bxh6 Rxh6 32. Ne5 c5 33. Rdf1 Qh5 34. dxc5 d4 35. c6 Bc8 36. Qe4 dxc3 37. Rf7 Qh4 38. Qf3 Qh3 39. Ra7+ Kxa7 40. Qf7+ Kb8 41. Qxe8 Qe3 42. Nd7+ Kc7 43. Rf1 cxb2 44. Nxb6 Kxb6 45. Qxc8 Rh7 46. Rd1 Qxa3 47. Qb8+ Kxc6 48. Qc8+ Rc7 49. Qxe6+ Kb7 50. Qd5+ Rc6 51. Qd7+ Rc7 52. Qd5+ Ka7 53. Qd4+ Qc5 54. Qe4 Qb6 55. Rd3 Qc6 56. Qe2 Rb7 57. Qe3+ Qb6 58. Qe1 Qc5 59. Qf1 a5 60. Qg2 g5 61. Qg3 Qc4 62. Qe3+ Rb6 63. Rb3 Qf1+ 64. Kxb2 Qf6+ 65. Kb1 a4 66. Rb4 Qd6 67. c3 Ka6 68. Qxg5 Qd3+ 69. Kb2 a3+ 70. Kb3 Rxb4+ 71. Kxb4 Qd6+ 72. Kb3 Kb6 73. Qe3+ Qc5 74. Qe6+ Kb5 75. Qd7+ Kb6 76. Qa4 a2 77. Qxa2 Qb5+ 78. Kc2 Qe2+ 79. Kb1 Qd1+ 80. Kb2 Qd2+ 81. Kb3 Qd5+ 82. c4 Qd3+ 83. Kb4 Qd6+ 84. Kc3 Qe5+ 85. Kb4 Qe1+ 86. Ka3 Kc5 87. Qb3 Qa1+ 88. Qa2 Qc3+ 89. Qb3 Qxc4 90. Qxc4+ Kxc4 1/2-1/2

[Event "Muensterland Verbandsliga 1213"]
[White "Wingenfeld, Klaus"]
[Black "Wendker, Christian"]
[Site "Germany"]
[Round "6.3"]
[Result "0-1"]
[Date "2013.02.02"]
[WhiteElo "1955"]
[BlackElo "1955"]
[PlyCount "108"]
[EventDate "2012.09.22"]
[EventType "team-tourn"]
[EventRounds "9"]
[EventCountry "GER"]
[SourceTitle "EXT 2015"]
[Source "ChessBase"]
[SourceDate "2014.11.20"]
[SourceVersion "1"]
[SourceVersionDate "2014.11.20"]
[SourceQuality "1"]
[WhiteTeam "Muenster SK III"]
[BlackTeam "Ostbevern Westbevern"]
[WhiteTeamCountry "GER"]
[BlackTeamCountry "GER"]

1. e4 g6 2. d4 c6 3. Nc3 d5 4. Nf3 Bg4 5. exd5 cxd5 6. h3 Bxf3 7. Qxf3 e6 8. Bb5+ Nd7 9. 0-0 Bg7 10. Re1 a6 11. Bxd7+ Qxd7 12. Bf4 Ne7 13. Rad1 0-0 14. Ne2 b5 15. a3 a5 16. Nc1 Nf5 17. c3 b4 18. axb4 axb4 19. g4 Nd6 20. Bxd6 Qxd6 21. Nd3 bxc3 22. bxc3 Rfc8 23. Rc1 Ra3 24. Ne5 Qc7 25. Qf4 f6 26. Nd3 Qxf4 27. Nxf4 Bh6 28. Nxe6 Bxc1 29. Rxc1 Raxc3 30. Rxc3 Rxc3 31. Nf4 Rc4 32. Nxd5 Kf7 33. Ne3 Rxd4 34. Kg2 Ke6 35. Nf1 Ke5 36. Ng3 Rd2 37. Kf3 Rd3+ 38. Kg2 Kf4 39. Ne2+ Kg5 40. Ng3 Kh4 41. Kh2 Rd2 42. Kg2 Rb2 43. Nf1 Kg5 44. Nh2 Kf4 45. Nf1 h5 46. Ne3 Rb5 47. gxh5 Rxh5 48. Ng4 Rg5 49. Kf1 Rxg4 50. hxg4 Kxg4 51. Kg2 Kf4 52. f3 Ke3 53. Kg3 f5 54. f4 Ke4 0-1

[Event "Muensterland Verbandsliga 1213"]
[White "Wingenfeld, Klaus"]
[Black "Scharfer, Guenter"]
[Site "Germany"]
[Round "1.3"]
[Result "1-0"]
[Date "2012.09.22"]
[WhiteElo "1955"]
[BlackElo "2003"]
[PlyCount "80"]
[EventDate "2012.09.22"]
[EventType "team-tourn"]
[EventRounds "9"]
[EventCountry "GER"]
[SourceTitle "EXT 2015"]
[Source "ChessBase"]
[SourceDate "2014.11.20"]
[SourceVersion "1"]
[SourceVersionDate "2014.11.20"]
[SourceQuality "1"]
[WhiteTeam "Muenster SK III"]
[BlackTeam "Nienberge"]
[WhiteTeamCountry "GER"]
[BlackTeamCountry "GER"]

1. e4 g6 2. d4 Bg7 3. c4 d6 4. Nc3 Nd7 5. f4 e5 6. Nf3 exd4 7. Nxd4 Ngf6 8. Be2 0-0 9. 0-0 Re8 10. Bf3 c6 11. b3 Nc5 12. Re1 a5 13. Kh1 Ng4 14. Be3 Nxe3 15. Rxe3 f5 16. Rc1 Qf6 17. Nde2 fxe4 18. Bxe4 Bf5 19. Ng3 Qd4 20. Qe2 Bg4 21. Bd5+ Ne6 22. Bxe6+ Rxe6 23. Rd3 Rxe2 24. Rxd4 Bxd4 25. Ngxe2 Bc5 26. h3 Bxe2 27. Nxe2 Re8 28. Rc2 Re4 29. g3 Kf7 30. Kg2 Bb4 31. Kf3 Re7 32. Nc1 Bc5 33. Re2 Rxe2 34. Nxe2 Bb4 35. Ke4 Bc5 36. g4 Ke6 37. f5+ gxf5+ 38. gxf5+ Kf6 39. Nf4 Kf7 40. Ne6 Bb6 1-0

[Event "NRW Class2 1112"]
[White "Scheibe, Werner"]
[Black "Wingenfeld, Klaus"]
[Site "Germany"]
[Round "8.7"]
[Result "1/2-1/2"]
[Date "2012.03.25"]
[WhiteElo "1815"]
[BlackElo "1897"]
[PlyCount "53"]
[EventDate "2011.09.18"]
[EventType "team-tourn"]
[EventRounds "9"]
[EventCountry "GER"]
[SourceTitle "EXT 2015"]
[Source "ChessBase"]
[SourceDate "2014.11.20"]
[SourceVersion "1"]
[SourceVersionDate "2014.11.20"]
[SourceQuality "1"]
[WhiteTeam "Herne Sodingen"]
[BlackTeam "Muenster SK II"]
[WhiteTeamCountry "GER"]
[BlackTeamCountry "GER"]

1. e4 c5 2. Nf3 Nc6 3. d4 cxd4 4. Nxd4 Nf6 5. Nc3 d6 6. Bc4 e6 7. Bb3 a6 8. 0-0 Be7 9. Be3 0-0 10. Qe2 Qc7 11. Rad1 b5 12. a3 Bb7 13. Nxc6 Bxc6 14. f3 Rac8 15. Qf2 Nd7 16. Ne2 Ne5 17. Nd4 Bb7 18. Kh1 Nc4 19. Bc1 d5 20. exd5 Bxd5 21. Rfe1 Rfd8 22. c3 Bf6 23. Bc2 g6 24. Be4 Qc5 25. Qe2 Rc7 26. Bxd5 Qxd5 27. Nc2 1/2-1/2

[Event "Muensterland Verbandsliga 1112"]
[White "Wingenfeld, Klaus"]
[Black "Willermann, Norbert"]
[Site "Germany"]
[Round "1.8"]
[Result "1-0"]
[Date "2011.09.24"]
[WhiteElo "1886"]
[BlackElo "1749"]
[PlyCount "81"]
[EventDate "2011.09.24"]
[EventType "team-tourn"]
[EventRounds "9"]
[EventCountry "GER"]
[SourceTitle "EXT 2013"]
[Source "ChessBase"]
[SourceDate "2012.11.22"]
[SourceVersion "1"]
[SourceVersionDate "2012.11.22"]
[SourceQuality "1"]
[WhiteTeam "Muenster III"]
[BlackTeam "Ostbevern Westbevern"]
[WhiteTeamCountry "GER"]
[BlackTeamCountry "GER"]

1. e4 c5 2. Nf3 d6 3. d4 cxd4 4. Nxd4 Nf6 5. Nc3 g6 6. Be3 Bg7 7. f3 0-0 8. Qd2 Bd7 9. 0-0-0 Nc6 10. h4 Rc8 11. g4 Qa5 12. Kb1 Nxd4 13. Bxd4 Be6 14. Nd5 Qxd2 15. Nxe7+ Kh8 16. Rxd2 Rce8 17. Bxf6 Bxf6 18. Nd5 Be5 19. Nb4 Rd8 20. Nd3 Bg7 21. Nf4 Be5 22. Nd3 Bg7 23. Bh3 Bc4 24. f4 f6 25. Nf2 Bh6 26. g5 fxg5 27. hxg5 Bg7 28. f5 gxf5 29. Bxf5 Bg8 30. Ng4 d5 31. Bxh7 Bxh7 32. Rdh2 Kg8 33. Rxh7 Rf1+ 34. Rxf1 Kxh7 35. exd5 Kg6 36. c4 Kxg5 37. Ne3 Bd4 38. Ng2 b5 39. cxb5 Rxd5 40. Rd1 Kf5 41. Ne3+ 1-0

[Event "Muensterland Verbandsklasse-A 1011"]
[White "Wingenfeld, Klaus"]
[Black "Althoff, Ralph"]
[Site "Germany"]
[Round "7.6"]
[Result "1-0"]
[Date "2011.02.19"]
[WhiteElo "1887"]
[BlackElo "1818"]
[PlyCount "50"]
[EventDate "2010.09.18"]
[EventType "team-tourn"]
[EventRounds "9"]
[EventCountry "GER"]
[SourceTitle "EXT 2012"]
[Source "ChessBase"]
[SourceDate "2011.11.24"]
[SourceVersion "1"]
[SourceVersionDate "2011.11.24"]
[SourceQuality "1"]
[WhiteTeam "Muenster SK III"]
[BlackTeam "Olfen"]
[WhiteTeamCountry "GER"]
[BlackTeamCountry "GER"]

1. e4 c5 2. Nf3 e6 3. d4 cxd4 4. Nxd4 a6 5. f4 Qc7 6. Bd3 b5 7. Be3 Nf6 8. Nd2 Bc5 9. c3 Bb7 10. Qe2 d6 11. Rc1 Nbd7 12. 0-0 e5 13. Nf5 0-0 14. Kh1 Rfe8 15. b4 Bxe3 16. Qxe3 exf4 17. Qxf4 Ne5 18. Nxg7 Kxg7 19. Qxf6+ Kg8 20. Bb1 Re6 21. Qf5 Rg6 22. Nf3 Nc4 23. Qf4 Re8 24. Nh4 Rg7 25. Nf5 Kh8 1-0

[Event "Muensterland Verbandsklasse-B 0910"]
[White "Wingenfeld, Klaus"]
[Black "Goihl, Herbert"]
[Site "Germany"]
[Round "5.7"]
[Result "1-0"]
[Date "2010.01.09"]
[WhiteElo "1861"]
[BlackElo "1698"]
[PlyCount "31"]
[EventDate "2009.09.19"]
[EventType "team-tourn"]
[EventRounds "9"]
[EventCountry "GER"]
[SourceTitle "EXT 2011"]
[Source "ChessBase"]
[SourceDate "2010.11.26"]
[SourceVersion "1"]
[SourceVersionDate "2010.11.26"]
[SourceQuality "1"]
[WhiteTeam "Muenster SK III"]
[BlackTeam "Emsdetten Rochade"]
[WhiteTeamCountry "GER"]
[BlackTeamCountry "GER"]

1. e4 c5 2. Nf3 a6 3. d4 cxd4 4. Nxd4 d6 5. f4 Nf6 6. Nc3 e5 7. Nf3 Nbd7 8. a4 b6 9. Bc4 Bb7 10. Ng5 Qc8 11. Bxf7+ Ke7 12. Nd5+ Bxd5 13. Bxd5 Ra7 14. Be3 exf4 15. Bxf4 Ne5 16. Qd4 1-0

[Event "Muensterland Verbandsklasse-A 0809"]
[White "Boelker, Franz"]
[Black "Wingenfeld, Klaus"]
[Site "Germany"]
[Round "6.4"]
[Result "0-1"]
[Date "2009.02.07"]
[WhiteElo "1890"]
[BlackElo "1865"]
[PlyCount "138"]
[EventDate "2008.09.13"]
[EventType "tourn"]
[EventRounds "9"]
[EventCountry "GER"]
[SourceTitle "EXT 2010"]
[Source "ChessBase"]
[SourceDate "2010.11.25"]
[SourceVersion "1"]
[SourceVersionDate "2010.11.25"]
[SourceQuality "1"]
[WhiteTeam "Raesfeld Erle"]
[BlackTeam "Muenster SK III"]
[WhiteTeamCountry "GER"]
[BlackTeamCountry "GER"]

1. d4 Nf6 2. c4 g6 3. Nc3 Bg7 4. g3 d6 5. Bg2 0-0 6. e3 Nbd7 7. Nge2 e5 8. 0-0 Re8 9. b3 Rb8 10. Bb2 a6 11. a4 b6 12. Na2 c5 13. Qc2 Bb7 14. Rad1 Bxg2 15. Kxg2 Qc7 16. Nac3 cxd4 17. exd4 b5 18. axb5 axb5 19. dxe5 dxe5 20. cxb5 Rxb5 21. Kg1 Reb8 22. Nc1 e4 23. Qe2 Rh5 24. Rd2 Nc5 25. Nb5 Qb6 26. Rd6 Qxb5 27. Rd8+ Bf8 28. Qxb5 Rxb5 29. Bxf6 Ne6 30. Re8 Rhd5 31. Re1 Rb4 32. Kg2 Rdb5 33. Re3 Nc7 34. Rc8 Nd5 35. Bc3 Nxe3+ 36. fxe3 Rb8 37. Rc6 R4b6 38. Rc4 f5 39. Be5 R8b7 40. Rc8 Kf7 41. Bd4 Rb5 42. Rc6 Ba3 43. g4 Bxc1 44. Rxc1 Rxb3 45. gxf5 gxf5 46. Rc6 R3b5 47. Kg3 Rd5 48. Kf4 Rb1 49. Rc7+ Kg6 50. Rg7+ Kh6 51. Rf7 Rf1+ 52. Kg3 Rg1+ 53. Kf2 Rg8 54. Re7 Kg6 55. Re6+ Kh5 56. Be5 Rd2+ 57. Kf1 Rg6 58. Re7 h6 59. Rc7 Rb6 60. Rc1 Kg4 61. Bf4 h5 62. Kg1 Rb3 63. Re1 Rbd3 64. Rf1 Rd1 65. Rxd1 Rxd1+ 66. Kf2 Rd2+ 67. Ke1 Ra2 68. Kd1 Kf3 69. Ke1 Re2+ 0-1

[Event "Muensterland Verbandsklasse-A 0708"]
[White "Wingenfeld, Klaus"]
[Black "Spenk, Willi"]
[Site "Germany"]
[Round "9.5"]
[Result "1-0"]
[Date "2008.05.17"]
[WhiteElo "1833"]
[BlackElo "1661"]
[PlyCount "111"]
[EventDate "2007.09.22"]
[EventType "team-tourn"]
[EventRounds "9"]
[EventCountry "GER"]
[SourceTitle "EXT 2009"]
[Source "ChessBase"]
[SourceDate "2008.11.26"]
[SourceVersion "1"]
[SourceVersionDate "2008.11.26"]
[SourceQuality "1"]
[WhiteTeam "Muenster SK III"]
[BlackTeam "Buldern"]
[WhiteTeamCountry "GER"]
[BlackTeamCountry "GER"]

1. e4 d6 2. d4 g6 3. c4 Bg7 4. Nc3 Nf6 5. Nf3 0-0 6. Be2 b6 7. 0-0 Bb7 8. d5 Nbd7 9. h3 e5 10. b4 a5 11. b5 Nc5 12. Qc2 Bc8 13. Bg5 h6 14. Be3 Nh5 15. Qd2 Nf4 16. Bxf4 exf4 17. Nd4 Qg5 18. Kh2 Be5 19. Bf3 Qh4 20. Nc6 Bg7 21. Rac1 Nd7 22. g3 fxg3+ 23. fxg3 Bxc3 24. Rxc3 Qg5 25. Qxg5 hxg5 26. Bg4 f5 27. exf5 Ne5 28. Nxe5 dxe5 29. f6 Bxg4 30. hxg4 Rae8 31. Re3 e4 32. Kg2 Re5 33. Rfe1 Rfe8 34. Rf1 Kf7 35. a4 Rd8 36. Rf2 Rh8 37. Kg1 Rh3 38. Rfe2 Kxf6 39. Kg2 Rh7 40. Rxe4 Rxe4 41. Rxe4 Re7 42. Rxe7 Kxe7 43. Kf3 Kd6 44. Ke4 Kc5 45. Ke5 Kxc4 46. d6 cxd6+ 47. Kxd6 Kb4 48. Kc6 Kxa4 49. Kxb6 Kb4 50. Kc6 a4 51. b6 a3 52. b7 a2 53. b8Q+ Ka3 54. Qd6+ Kb3 55. Qd4 Kc2 56. Qa1 1-0